000 00349nam a2200121Ia 4500
008 220901s9999||||xx |||||||||||||| ||und||
082 _a510 MIS
100 _aMishra, Gadadhar
245 0 _aProceedings mathematical sciences
250 _aVol. 120 Issue No. 1, 2 & 3
260 _bIndian Academy od Sciences & Springer
_c2010
650 _aMathematics
999 _c194080
_d194080